| 000 | 01437cac a22002771u 4500 | ||
|---|---|---|---|
| 090 | _c4490 | ||
| 008 | 081202t 2004xxu||||| |||| 00| 0 eng d | ||
| 010 | _a 2003068698 | ||
| 020 | _a047123009X (cloth) | ||
| 082 | 0 | 0 |
_a657.835 _bGRA |
| 100 | _aGranof, Michael H. | ||
| 245 | 1 | 0 |
_aGovernment and not-for-profit accounting : _bconcepts and practices / _cby Michael H. Granof. |
| 260 |
_aHoboken, NJ : _bJohn Wiley, _c2004. |
||
| 300 |
_axviii, 718 p. : _bill. ; _c27 cm. |
||
| 500 | _aIncludes index. | ||
| 650 | 0 |
_aFinance, Public _zUnited States _xAccounting. |
|
| 650 | 0 |
_aFinance, Public _xAccounting _xStandards _zUnited States. |
|
| 650 | 0 |
_aNonprofit organizations _zUnited States _xAccounting. |
|
| 650 | 0 |
_aNonprofit organizations _xAccounting _xStandards _zUnited States. |
|
| 856 | 4 | 2 |
_3Publisher description _uhttp://www.loc.gov/catdir/description/wiley041/2003068698.html |
| 856 | 4 | 2 |
_3Table of contents _uhttp://www.loc.gov/catdir/toc/wiley041/2003068698.html |
| 942 |
_cBB _k657.835GRA _2ddc |
||
| 999 |
_c4490 _d4490 |
||